000 01145nam0a2200301 4500
001 RU\NLR\bibl\1336001
005 20260405055944.0
010 _a978-5-9551-0270-2
_91000
021 _aRU
_b2008-107635
_96345
035 _a(NLR Aleph) 001321199
090 _a741027
_c741027
100 _a20090304d2008 |||y0rusy50 ca
101 1 _arus
_cund
102 _aRU
105 _ay |||||||||
200 1 _aКниги о семье
_fЛеон Баттиста Альберти
_gпер. М.А. Юсима
210 _aМосква
_cЯзыки славянской культуры
_d2008
215 _a413, [2] с.
_cил., портр.
_d22
320 _aБиблиогр. в подстроч. примеч.
320 _aУказ. имен к диалогам "Книги о семье": с. 404-414
606 1 _aСемья
_jСборники
_91191632
_3RU\NLR\auth\66163240
686 _aС550.537я44
700 1 _4070
_8rus
_7ca
_aАльберти
_bЛ.Б.
_f1404-1472
_gЛеон Баттиста
_3RU\NLR\auth\7719361
_92433
801 0 _aRU
_bNLR
_c20090304
_gRCR
801 1 _aRU
_bNLR
_c20090304
942 _cBOOK
980 _aNB